Pengenalan komposit matriks logam / (Record no. 2700)

000 -LEADER
fixed length control field nam a22 a 4500
003 - CONTROL NUMBER IDENTIFIER
control field AKMAL
005 - DATE AND TIME OF LATEST TRANSACTION
control field 20170517153335.0
008 - FIXED-LENGTH DATA ELEMENTS--GENERAL INFORMATION
fixed length control field 17051 s2003 my a e | a001 0 may d
020 ## - INTERNATIONAL STANDARD BOOK NUMBER
International Standard Book Number 9835203180 (kkt.) :
Terms of availability RM40.00
039 #9 - LEVEL OF BIBLIOGRAPHIC CONTROL AND CODING DETAIL [OBSOLETE]
Level of rules in bibliographic description 200510071204
Level of effort used to assign nonsubject heading access points zuraidahm
Level of effort used to assign subject headings 200510071200
Level of effort used to assign classification zuraidahm
Level of effort used to assign subject headings 200505170844
Level of effort used to assign classification fatimah
040 ## - CATALOGING SOURCE
Original cataloging agency AKMAL
082 04 - DEWEY DECIMAL CLASSIFICATION NUMBER
Classification number 624.182 JAS
Edition number 22
090 ## - LOCALLY ASSIGNED LC-TYPE CALL NUMBER (OCLC); LOCAL CALL NUMBER (RLIN)
Classification number (OCLC) (R) ; Classification number, CALL (RLIN) (NR) 624.182
Local cutter number (OCLC) ; Book number/undivided call number, CALL (RLIN) JAS
100 1# - MAIN ENTRY--PERSONAL NAME
Personal name Jasmi Hashim
9 (RLIN) 5681
245 10 - TITLE STATEMENT
Title Pengenalan komposit matriks logam /
Statement of responsibility, etc. Jasmi Hashim
260 ## - PUBLICATION, DISTRIBUTION, ETC.
Place of publication, distribution, etc. Johor :
Name of publisher, distributor, etc. Universiti Teknologi Malaysia,
Date of publication, distribution, etc. 2003
300 ## - PHYSICAL DESCRIPTION
Extent xix , 196p. :
Other physical details il. ;
Dimensions 26sm.
650 #0 - SUBJECT ADDED ENTRY--TOPICAL TERM
Topical term or geographic name entry element Metallic composites.
9 (RLIN) 5682
650 #0 - SUBJECT ADDED ENTRY--TOPICAL TERM
Topical term or geographic name entry element Composite materials
9 (RLIN) 5683
650 #0 - SUBJECT ADDED ENTRY--TOPICAL TERM
Topical term or geographic name entry element Metals
9 (RLIN) 5684
942 ## - ADDED ENTRY ELEMENTS (KOHA)
Source of classification or shelving scheme
Koha item type Book
Holdings
Withdrawn status Lost status Source of classification or shelving scheme Damaged status Not for loan Collection code Home library Current library Shelving location Date acquired Inventory number Total Checkouts Full call number Barcode Date last seen Price effective from Koha item type
          NON-FICTION AKMAL Melaka AKMAL Melaka PINJAMAN 17.05.2017 602383   624.182 JAS 201703287 17.05.2017 17.05.2017 Book
Pusat Sumber Maklumat Dato' Haji Sarmin Md Hussin, Akademi Kastam Diraja Malaysia, Melaka
Tel: 06-2331106 | Faks: 06-2313787